[Event "BCF-ch 77th"]
[Site "Eastbourne"]
[Date "1990.??.??"]
[Round "?"]
[White "Adams, Michael"]
[Black "Watson, William N"]
[Result "1-0"]
[WhiteElo "2555"]
[BlackElo "2470"]
[PlyCount "63"]
[EventDate "1990.07.??"]
[EventType "swiss"]
[EventRounds "11"]
[EventCountry "ENG"]
[SourceTitle "EXT 2000"]
[Source "ChessBase"]
[SourceDate "1999.11.16"]
[SourceVersion "1"]
[SourceVersionDate "1999.11.16"]
[SourceQuality "1"]

1. e4 c5 2. d4 cxd4 3. c3 dxc3 4. Nxc3 Nc6 5. Nf3 e6 6. Bc4 Nge7 7. Bg5 f6 8. Be3 Ng6 9. O-O ({RR} 9. Nd4 Be7 10. f4 O-O 11. f5 Nge5 12. Bb3 Kh8 13. O-O Nxd4 14. Qxd4 b6 15. Rad1 Ba6 16. Rf4 Nd3 17. Rh4 Bc5 18. Qxd3 Bxd3 19. Rxd3 Qc7 20. fxe6 dxe6 21. Bxe6 Rad8 22. Nd5 Bxe3+ 23. Rxe3 Qc1+ {Arman,D (2343)-Caruana,F (2803) chess.com INT 2024 0-1 (33)}) 9... Be7 10. Qe2 a6 11. Na4 $146 ({RR} 11. Rfd1 Qc7 12. Rac1 b5 ({RR} 12... O-O 13. Bb3 Nge5 14. Nd2 b5 15. f4 Nf7 16. Nf3 Bb7 17. Nd5 exd5 18. exd5 Bd6 19. dxc6 Bxc6 20. Qd2 Be7 21. Nd4 Qb7 22. Nf5 Bd8 23. Nd6 Qb8 24. Qf2 a5 25. Qh4 a4 26. Bxf7+ Rxf7 27. Nxf7) ({RR} 12... b5 13. Bb3 Qb8 14. Nd4 Na5 15. Rf1 Nxb3 16. axb3 O-O 17. f4 Bb4 18. f5 Ne7 19. Qg4 Bxc3 20. Rxc3 b4 21. Rd3 e5 22. Ne2 Qb5 23. Bh6 Rf7 24. Rg3 g6 25. Qh5 Rg7 26. fxg6 hxg6 27. Bxg7) 13. Bb3 Qb8 14. Nd4 Na5 15. Rf1 Nxb3 16. axb3 O-O 17. f4 Bb4 18. f5 Ne7 19. Qg4 Bxc3 20. Rxc3 b4 21. Rd3 e5 22. Ne2 Qb5 23. Bh6 Rf7 24. Rg3 g6 25. Qh5 Rg7 {Hrzica,R (2257)-Libens,M (2104) Cannes 2007 1-0 (31)}) ({RR} 11. Rfd1 Qc7 12. Rac1 Qa5 13. Nd5 exd5 14. exd5 Nce5 15. d6 Nxf3+ 16. gxf3 Qe5 17. Rd5 Nf4 18. Bxf4 Qxe2 19. Bxe2 Bd8 20. Rdc5 g5 21. Bd2 Kf7 22. Rxc8 Rxc8 23. Rxc8 Kg7 24. Rb8 b5 25. Rb7 Kg6 {Pavoni,F (1878)-Heise Hidalgo,C (1630) Florianopolis SC 2025 1-0}) ({RR} 11. Rfd1 Qc7 12. Rac1 O-O 13. Bb3 Nge5 14. Nd2 b5 15. f4 Nf7 16. Nf3 Bb7 17. Nd5 exd5 18. exd5 Bd6 19. dxc6 Bxc6 20. Qd2 Be7 21. Nd4 Qb7 22. Nf5 Bd8 23. Nd6 Qb8 24. Qf2 a5 25. Qh4 a4 {Lindner,U (1808)-Focke,W (1459) Berlin 2006 1-0 (31)}) 11... Qc7 12. Nb6 Rb8 13. Rac1 O-O 14. Rfd1 f5 15. exf5 Rxf5 16. Qd3 Kh8 17. Nxd7 Bxd7 18. Qxd7 Qxd7 19. Rxd7 Nf8 20. Rd2 Bb4 21. Re2 Rd8 22. a3 Bc5 23. Bxa6 Bxe3 24. Rxe3 bxa6 25. Rxc6 Rb5 26. b4 a5 27. bxa5 Rxa5 28. g3 Rdd5 29. Rc8 Kg8 30. Rb3 Kf7 31. Rb7+ Nd7 32. Ne5+ 1-0

[Event "Moscow rapid"]
[Site "Moscow"]
[Date "1992.??.??"]
[Round "?"]
[White "Kharlov, Andrei"]
[Black "Dolmatov, Sergey"]
[Result "1-0"]
[WhiteElo "2555"]
[BlackElo "2610"]
[PlyCount "41"]
[EventDate "1992.08.??"]
[EventType "swiss (rapid)"]
[EventRounds "9"]
[EventCountry "RUS"]
[SourceTitle "EXT 1997"]
[Source "ChessBase"]
[SourceDate "1996.11.15"]
[SourceVersion "1"]
[SourceVersionDate "1996.11.15"]
[SourceQuality "1"]

1. e4 c5 2. d4 cxd4 3. c3 dxc3 4. Nxc3 Nc6 5. Nf3 d6 6. Bc4 e6 7. O-O Be7 8. Qe2 Nf6 9. Rd1 e5 10. Be3 O-O 11. b4 a6 12. a4 Bg4 13. b5 axb5 14. axb5 Rxa1 15. Rxa1 Nd4 16. Bxd4 exd4 17. Nd5 Nxd5 18. Bxd5 Bf6 19. Ra7 $146 ({RR} 19. Qd3 Qb6 20. Rc1 Rc8 21. Rxc8+ Bxc8 22. Qc4 Bd7 23. Bxf7+ Kh8 24. Be6 Qxb5 25. Qxb5 Bxb5 26. h4 Be2 27. Bb3 b5 28. Nd2 d3 29. g3 Bc3 30. Nb1 b4 31. Bc4 g6 32. Kg2 Kg7 33. f4 Bd4 {Lenderman,A (2535)-Korchmar,V (2438) Chess.com INT 2022 0-1 (52)}) ({RR} 19. Qd3 Qb6 20. Rc1 Rc8 21. Rxc8+ Bxc8 22. Qc4 Bd7 23. Bxf7+ Kh8 24. Be6 Qxb5 25. Qxb5 Bxb5 26. h4 Be2 27. Bb3 b5 28. Nd2 d3 29. g3 Bc3 30. Nb1 b4 31. Bc4 g6 32. Kg2 Kg7 33. f4 Bd4 {Lenderman,A (2535)-Korchmar,V (2438) Chess.com INT 2022 0-1 (52)}) 19... Be6 20. Bxe6 fxe6 21. Rxb7 {(...)} 1-0

[Event "GBR-ch 96th"]
[Site "Torquay"]
[Date "2009.07.27"]
[Round "1"]
[White "Jones, Gawain C B"]
[Black "Sowray, Peter John"]
[Result "1-0"]
[WhiteElo "2554"]
[BlackElo "2335"]
[PlyCount "143"]
[EventDate "2009.07.27"]
[EventType "swiss"]
[EventRounds "11"]
[EventCountry "ENG"]
[SourceTitle "CBM 131 Extra"]
[Source "ChessBase"]
[SourceDate "2009.09.03"]
[SourceVersion "2"]
[SourceVersionDate "2009.09.16"]
[SourceQuality "1"]

1. e4 c5 2. Nc3 e6 3. f4 d5 4. Nf3 dxe4 5. Nxe4 Nc6 6. g3 Nh6 ({RR} 6... f5 7. Nf2 Bd6 8. b3 Nh6 9. Bb2 O-O 10. Bg2 Nf7 11. Nd3 b6 12. Ng5 Qd7 13. h4 Ba6 14. Qh5 Nh6 15. c4 b5 16. O-O Rfe8 17. Rfe1 bxc4 18. Nxe6 Rxe6 19. Bd5 Nd8 20. Rxe6 Nxe6 21. Re1 {Hebden,M (2515)-Hansen,C (2550) Malmo 1987 1-0}) ({RR} 6... Nf6 7. Qe2 Be7 8. d3 b6 9. Bg2 Bb7 10. c3 O-O 11. O-O Qd7 12. Be3 Rad8 13. Rad1 Ba6 14. Ne5 Nxe5 15. fxe5 Nxe4 16. Bxe4 Bb7 17. Qg4 Bxe4 18. dxe4 Qc7 19. Bg5 Bxg5 20. Qxg5 h6 21. Qf4 {Silvestre,C (1942)-Golubev,M (2461) chess.com INT 2024 ½-½ (36)}) 7. d3 Nf5 8. c3 $146 ({RR} 8. Bg2 Be7 9. O-O O-O 10. c3 b6 11. Ne5 Nxe5 12. fxe5 Ba6 13. Rf3 Qc7 14. Bf4 Rad8 15. Bf1 Bb7 16. Qc1 c4 17. Be2 cxd3 18. Bxd3 Rxd3 19. Rxd3 Bxe4 20. Rd1 Qc4 21. b4 Qe2 22. Qd2 Qf3 {Gomez Cabrero,L-Pila Diez,M Spain 1998 0-1 (31)}) 8... h5 9. Qe2 b6 10. Bg2 Bb7 11. Be3 Be7 12. Bf2 Qc7 13. Nfg5 Bxg5 14. fxg5 O-O-O 15. O-O-O Ne5 16. h3 c4 17. dxc4 Qxc4 18. Qxc4+ Nxc4 19. b3 Nce3 20. Bxe3 Nxe3 21. Nd6+ Rxd6 22. Bxb7+ Kc7 23. Rxd6 Kxd6 24. Be4 Ke5 25. Bd3 h4 26. Kd2 Nd5 27. Re1+ Kd6 28. g4 Nf4 29. Bf1 e5 30. Ke3 Rc8 31. Rd1+ Ke7 32. c4 a5 33. Ke4 Ke6 34. a3 Rc6 35. Rd5 Ng6 36. b4 axb4 37. axb4 Rd6 38. Rb5 Kd7 39. Ke3 Kc7 40. Be2 Rd4 41. Bd3 Nf4 42. Rxe5 Rxd3+ 43. Kxf4 Kd6 44. Re3 Rd1 45. g6 f6 46. Ra3 Rf1+ 47. Ke4 Re1+ 48. Kf3 Rc1 49. Ra7 Rc3+ 50. Kg2 f5 51. gxf5 Ke5 52. Rxg7 Kxf5 53. Rh7 Rxc4 54. g7 Rc2+ 55. Kf1 Rc1+ 56. Kf2 Rc2+ 57. Ke3 Rg2 58. Kd4 Kf6 59. Rxh4 Rxg7 60. Rh6+ Ke7 61. Rxb6 Rg1 62. Rh6 Kd7 63. Kc5 Kc7 64. Rh7+ Kc8 65. h4 Rc1+ 66. Kb6 Rf1 67. b5 Rf5 68. h5 Re5 69. h6 Re6+ 70. Ka7 Re1 71. Rh8+ Kc7 72. b6+ 1-0

[Event "Titled Tue 29th Nov Early"]
[Site "chess.com INT"]
[Date "2022.11.29"]
[Round "2"]
[White "Lenderman, A.."]
[Black "Megalios, K.."]
[Result "1-0"]
[WhiteElo "2550"]
[BlackElo "2397"]
[PlyCount "129"]
[EventDate "2022.11.29"]

1. e4 c5 2. d4 cxd4 3. c3 dxc3 4. Nxc3 Nc6 5. Nf3 e6 6. Bc4 Bb4 7. O-O Nge7 8. Nb5 d5 9. exd5 exd5 10. Bxd5 Nxd5 11. Qxd5 O-O 12. Qxd8 Rxd8 13. Be3 ({RR} 13. Bg5 f6 14. Be3 Bg4 15. Nfd4 Nxd4 16. Nxd4 Rac8 17. Rac1 a6 18. h3 Bh5 19. Ne6 Re8 20. Nc7 Red8 21. Ne6 Re8 22. Nc7 Re5 23. Bf4 Rc5 24. a3 Rxc1 25. Rxc1 Ba5 26. b4 Bb6 27. a4 Bf7 {Domingo Nunez,A (2333)-Rosen,E (2377) chess.com INT 2025 0-1 (69)}) 13... Bg4 14. Nfd4 Nxd4 15. Nxd4 Rac8 $146 ({RR} 15... Rd7 16. Rac1 Rad8 17. Rc4 Be7 18. h3 Bh5 19. Rfc1 h6 20. Rc8 Bf6 21. Rxd8+ Rxd8 22. g4 Bxd4 23. Rd1 Bxg4 24. hxg4 Bb6 25. Rxd8+ Bxd8 26. Bxa7 g6 27. Kg2 f5 28. gxf5 gxf5 29. Be3 h5 30. Kf3 {Malik,M (2078)-Sibashvili,G (2436) Genoa ITA 2024 0-1 (59)}) 16. Rfc1 Rxc1+ 17. Rxc1 Rc8 18. Rxc8+ Bxc8 19. a3 Be7 20. Nb5 a6 21. Nc3 f6 22. Nd5 Bd6 23. Bf4 Bf8 24. f3 Kf7 25. Be3 Bd7 26. Kf2 Bc6 27. Nc3 g5 28. Bd4 h6 29. g4 Ke6 30. Ne4 f5 31. Ng3 f4 32. Nf5 h5 33. h3 hxg4 34. hxg4 Ba4 35. Bc3 Bc5+ 36. Kg2 Bc2 37. Bd4 Bf8 38. Bh8 Bb1 39. Nd4+ Kd5 40. Bf6 Bc5 41. Ne2 Bd3 42. Nc1 Bc4 43. b3 Bb5 44. a4 Bc6 45. Bxg5 Be3 46. Nd3 Kd4 47. Nxf4 Kc3 48. Nd5+ Bxd5 49. Bxe3 a5 50. Bb6 Kxb3 51. Bxa5 Kxa4 52. Bd2 Kb3 53. Kg3 Kc2 54. Bb4 Kd3 55. f4 Ke4 56. f5 Bf7 57. Kh4 Ke5 58. Kg5 Bc4 59. Bc3+ Kd6 60. Kf6 b5 61. g5 Kc5 62. g6 b4 63. Bxb4+ Kxb4 64. Ke7 Kc5 65. f6 1-0

[Event "SWE-chT 1314"]
[Site "Sweden"]
[Date "2014.02.01"]
[Round "5.4"]
[White "Berg, Emanuel"]
[Black "Andersson, Fredrik"]
[Result "1-0"]
[WhiteElo "2547"]
[BlackElo "2280"]
[PlyCount "77"]
[EventDate "2013.11.22"]
[EventType "team-tourn"]
[EventRounds "9"]
[EventCountry "SWE"]
[SourceTitle "EXT 2015"]
[Source "ChessBase"]
[SourceDate "2014.11.20"]
[SourceVersion "1"]
[SourceVersionDate "2014.11.20"]
[SourceQuality "1"]
[WhiteTeam "Stockholm Viking"]
[BlackTeam "Upsala"]
[WhiteTeamCountry "SWE"]
[BlackTeamCountry "SWE"]

1. e4 c5 2. d4 cxd4 3. c3 dxc3 4. Nxc3 Nc6 5. Nf3 d6 6. Bc4 a6 7. O-O Nf6 8. Bf4 Bg4 9. h3 Bh5 10. Qb3 e6 11. Qxb7 Na5 12. Qb4 Bxf3 13. gxf3 Nxc4 14. Qxc4 Qc8 $146 ({RR} 14... Be7 15. Qc6+ Kf8 16. Bxd6 Bxd6 17. Rfd1 Ne8 18. e5 Rc8 19. Qxa6 Qg5+ 20. Kf1 Rxc3 21. exd6 Rc2 22. d7 Qc5 23. dxe8=Q+ Kxe8 24. Qa4+ {1-0 (24) Garbuz,V (2243)-Shapiro,D (2284) chess.com INT 2025}) 15. Qxc8+ Rxc8 16. Rfd1 Rc6 17. Rac1 Be7 18. Na4 Rxc1 19. Rxc1 O-O 20. Rc6 e5 21. Bg5 Ra8 22. Nb6 Rb8 23. Bxf6 Bxf6 24. b4 Bd8 25. Nd5 a5 26. b5 Kf8 27. a4 Ke8 28. Rxd6 Rc8 29. Rc6 Rxc6 30. bxc6 Bh4 31. f4 exf4 32. Nxf4 Ke7 33. e5 g6 34. Kg2 Bg5 35. Nd5+ Ke6 36. Kf3 Bh4 37. Ke3 h5 38. f4 Be1 39. Nf6 1-0

[Event "Caioba Telecom op 5th"]
[Site "Caioba"]
[Date "2019.08.16"]
[Round "7"]
[White "Hernandez Guerrero, Gilberto Eduardo"]
[Black "Cubas, Jose Fernando"]
[Result "1-0"]
[WhiteElo "2547"]
[BlackElo "2485"]
[PlyCount "67"]
[EventDate "2019.08.12"]
[EventType "swiss"]
[EventRounds "9"]
[EventCountry "BRA"]
[SourceTitle "EXT 2020"]
[Source "ChessBase"]
[SourceDate "2019.10.17"]
[SourceVersion "1"]
[SourceVersionDate "2019.10.17"]
[SourceQuality "1"]

1. e4 c5 2. Nc3 Nc6 3. Bb5 g6 4. Bxc6 dxc6 5. f4 Bg7 6. Nf3 Nf6 7. O-O O-O 8. d3 b6 9. Qe1 Ne8 ({RR} 9... Qc7 10. Qh4 Ng4 11. h3 Bf6 12. Qe1 Bd4+ 13. Nxd4 cxd4 14. hxg4 dxc3 15. Qh4 Qd7 16. bxc3 Qxg4 17. Qxe7 Be6 18. Qf6 Qh5 19. f5 gxf5 20. exf5 Bd5 21. c4 Bxg2 22. Bb2 {1-0 (22) Lanzilotta,F (1854)-Comas,M (1716) Montevideo URU 2025}) 10. Be3 Nc7 11. Qh4 f6 $146 ({RR} 11... f5 12. Ng5 h6 13. Nf3 e6 14. Qg3 Kh7 15. a4 a5 16. Rad1 Ba6 17. Rfe1 Qe7 18. d4 cxd4 19. Bxd4 Bxd4+ 20. Rxd4 c5 21. Rdd1 Rad8 22. Ne5 Qg7 23. exf5 gxf5 24. Qxg7+ Kxg7 25. Nd7 Rf7 26. Nxb6 {Hernandez Guerrero,G (2525)-Quintiliano Pinto,R (2441) Arica 2017 1-0 (37)}) ({RR} 11... Ne6 12. f5 Nd4 13. Ng5 h6 14. Nh3 gxf5 15. Bxh6 e6 16. Qg3 Qf6 17. Bg5 Qg6 18. Nf4 Qh7 19. Bf6 Kh8 20. Nh5 Bxf6 21. Nxf6 Qg6 22. Qh3+ Kg7 23. Nh5+ Kg8 24. e5 Rd8 25. Nf6+ Kg7 26. Nh5+ {Pasini,N (2197)-Titze,L (1986) Lignano Sabbiadoro 2020 1-0 (38)}) 12. Rad1 Nb5 13. Ne2 Qe8 14. c4 Nd6 15. g4 Nf7 16. Kh1 Qd7 17. Rg1 e5 18. f5 g5 19. Qf2 Re8 20. h4 h6 21. Ng3 Kf8 22. Nh5 Bh8 23. Rg2 a5 24. b3 Ke7 25. a3 Ba6 26. Rd2 Rg8 27. b4 axb4 28. axb4 Bb7 29. bxc5 Ra1+ 30. Rg1 Rxg1+ 31. Qxg1 b5 32. d4 exd4 33. Bxd4 Qc7 34. Qa1 1-0

[Event "CZE-ch"]
[Site "Usti nad Labem"]
[Date "2022.05.22"]
[Round "9"]
[White "Plat, Vojtech"]
[Black "Finek, Vaclav"]
[Result "1-0"]
[WhiteElo "2547"]
[BlackElo "2410"]
[PlyCount "61"]
[EventDate "2022.05.14"]
[EventType "swiss"]
[EventRounds "9"]
[EventCountry "CZE"]
[SourceTitle "CBM 208 Extra"]
[Source "ChessBase"]
[SourceDate "2022.07.31"]
[SourceVersion "1"]
[SourceVersionDate "2022.07.31"]
[SourceQuality "1"]

1. e4 c5 2. d4 cxd4 3. c3 dxc3 4. Nxc3 Nc6 5. Nf3 e6 6. Bc4 a6 7. O-O Qc7 8. Bb3 ({RR} 8. Bg5 Bd6 9. h3 Nge7 10. Re1 Bf4 11. Bh4 f6 12. Rc1 Bxc1 13. Qxc1 O-O 14. Bd3 Ne5 15. Nxe5 Qxe5 16. Bg3 Qa5 17. Bd6 Qd8 18. e5 f5 19. Na4 b5 20. Qc5 Re8 21. Bc7 d6 22. exd6 Qd7 {Evdokimov,A (2205)-Miserendino,A (2032) chess.com INT 2025 1-0}) 8... Nf6 9. Nd5 $146 ({RR} 9. Re1 Bc5 10. Be3 Bxe3 11. Rxe3 Ng4 12. Re2 O-O 13. h3 Nge5 14. Nxe5 Qxe5 15. Re3 b5 16. Qd2 Rd8 17. Ne2 Ne7 18. f4 Qc5 19. Kh1 Bb7 20. Rc1 Qb6 21. Bc2 d5 22. Qd4 Qxd4 23. Nxd4 dxe4 {Garcia Talledo,G-Mayorquin Polanco,N (1889) Cali 2011 0-1 (33)}) ({RR} 9. Bg5 Be7 10. Qe2 d6 11. Rac1 Qb8 12. Rfd1 O-O 13. h3 Rd8 14. Be3 Nd7 15. Nd4 Nxd4 16. Bxd4 b5 17. Qg4 Bf8 18. Qg3 Bb7 19. f3 Nc5 20. Ne2 Nxb3 21. axb3 Rc8 22. b4 Rxc1 23. Rxc1 Qd8 {Domingo Nunez,A (2358)-Jakubowski,K (2497) Chess.com INT 2021 0-1 (34)}) 9... exd5 10. exd5 Nd8 11. Re1+ Ne6 12. Bg5 Be7 13. Rc1 Qa5 14. dxe6 fxe6 15. Re5 Qd8 16. Nd4 O-O 17. Nf5 Kh8 18. Nxe7 Qxe7 19. Rc7 Qe8 20. Bc2 Nd5 21. Qd3 g6 22. Rxd5 exd5 23. Qd4+ Kg8 24. Bd2 Qe2 25. Bb3 Rf5 26. Rc1 Qe5 27. Qd3 d6 28. Re1 Qf6 29. Bc3 Re5 30. Qxd5+ Rxd5 31. Bxd5+ 1-0

[Event "Iberoamerican-ch fin-B 4th"]
[Site "Quito"]
[Date "2012.04.22"]
[Round "5"]
[White "De la Riva Aguado, Oscar"]
[Black "Macias Murillo, Bryan"]
[Result "1-0"]
[WhiteElo "2545"]
[BlackElo "2382"]
[PlyCount "81"]
[EventDate "2012.04.19"]
[EventType "tourn"]
[EventRounds "5"]
[EventCountry "ECU"]
[EventCategory "10"]
[SourceTitle "CBM 148 Extra"]
[Source "ChessBase"]
[SourceDate "2012.06.22"]
[SourceVersion "1"]
[SourceVersionDate "2012.06.22"]
[SourceQuality "1"]

1. e4 c5 2. Nc3 e6 3. f4 d5 4. Nf3 dxe4 5. Nxe4 Nc6 6. g3 Nh6 7. Bg2 Nf5 8. O-O Be7 9. d3 O-O 10. c3 b6 11. g4 $146 ({RR} 11. Ne5 Nxe5 12. fxe5 Ba6 13. Rf3 Qc7 14. Bf4 Rad8 15. Bf1 Bb7 16. Qc1 c4 17. Be2 cxd3 18. Bxd3 Rxd3 19. Rxd3 Bxe4 20. Rd1 Qc4 21. b4 Qe2 22. Qd2 Qf3 23. Rf1 Qh1+ 24. Kf2 Qxh2+ 25. Ke1 Qxd2+ {Gomez Cabrero,L-Pila Diez,M Spain 1998 0-1 (31)}) 11... Nd6 12. Ne5 Bb7 13. Nxc5 Nxe5 14. Nxb7 Nxb7 15. fxe5 Rb8 16. d4 Na5 17. Qd3 Bg5 18. b4 Nb7 19. Be4 g6 20. Qf3 Bxc1 21. Raxc1 Qe7 22. Qf4 Rfc8 23. Rf3 Rc7 24. Rh3 Qf8 25. Rf1 Qg7 26. Rff3 Nd8 27. g5 Rbc8 28. Qd2 Rd7 29. Qe1 Nc6 30. Bxc6 Rxc6 31. Rh6 a5 32. b5 Rcc7 33. Rfh3 a4 34. Qh4 f5 35. gxf6 Qf7 36. Rg3 Rd5 37. Rgxg6+ Qxg6+ 38. Rxg6+ hxg6 39. Qh3 Rxb5 40. Qxe6+ Kh7 41. Qe7+ 1-0

[Event "Titled Tuesday intern op 09th Mar"]
[Site "Chess.com INT"]
[Date "2021.03.09"]
[Round "2"]
[White "Gazik, Viktor"]
[Black "Fazulyanov, Sergey"]
[Result "1-0"]
[WhiteElo "2542"]
[BlackElo "2350"]
[PlyCount "113"]
[EventDate "2021.03.09"]
[EventType "swiss (blitz)"]
[EventRounds "11"]
[EventCountry "USA"]
[SourceTitle "CBM 201 Extra"]
[Source "ChessBase"]
[SourceDate "2021.05.30"]
[SourceVersion "1"]
[SourceVersionDate "2021.05.30"]
[SourceQuality "1"]

1. e4 c5 2. Nc3 Nc6 3. Bb5 g6 4. Bxc6 dxc6 5. f4 Bg7 6. Nf3 Bg4 7. O-O Nf6 8. d3 O-O 9. h3 Bxf3 10. Qxf3 e6 ({RR} 10... c4 11. e5 Ne8 12. dxc4 Qd4+ 13. Be3 Qxc4 14. Rad1 Qe6 15. Qg4 f5 16. Qe2 Nc7 17. Rd2 g5 18. g3 gxf4 19. gxf4 Kh8 20. Kh2 Rg8 21. Qh5 Nd5 22. Nxd5 cxd5 23. Rg2 Rac8 24. c3 Rc4 25. Bd4 {Asadli,V (2574)-Zierk,S (2488) Chess.com INT 2021 1-0 (33)}) 11. Be3 b6 12. Kh1 $146 ({RR} 12. a4 Nd7 13. e5 f6 14. Qxc6 fxe5 15. fxe5 Nxe5 16. Qxe6+ Kh8 17. Ne4 Re8 18. Qb3 h6 19. Rae1 Rc8 20. Qa3 Qd7 21. Nf6 Bxf6 22. Rxf6 Kg7 23. Ref1 Rf8 24. Bxh6+ Kxh6 25. Rxf8 Rxf8 26. Rxf8 Qd4+ {Wijerathna,V (2117)-Sobek,J (2198) chess.com INT 2025 1-0}) 12... Qd7 13. a4 a5 14. Rae1 Rae8 15. e5 Nd5 16. Ne4 f6 17. exf6 Nxf6 18. Nd2 Nd5 19. Nc4 e5 20. Bd2 exf4 21. Rxe8 Rxe8 22. c3 Qf5 23. Bxf4 Nxf4 24. Nd6 Qxd3 25. Nxe8 Qxf3 26. Rxf3 Nd5 27. Nd6 Be5 28. Ne4 Kg7 29. Kg1 h6 30. Kf2 c4 31. g3 b5 32. Nd2 g5 33. Rf5 Bf6 34. axb5 Kg6 35. g4 Ne7 36. Rc5 cxb5 37. Rxb5 a4 38. Nxc4 Kf7 39. Kf3 Ke6 40. Rb6+ Kf7 41. Ke4 Nc8 42. Ra6 Ne7 43. Ne5+ Bxe5 44. Kxe5 Ng6+ 45. Ke4 Nf4 46. Rxh6 Kg7 47. Ra6 Nxh3 48. Rxa4 Nf2+ 49. Kf5 Nd3 50. Kxg5 Nxb2 51. Ra7+ Kf8 52. Kf6 Ke8 53. g5 Nc4 54. g6 Nd6 55. g7 Ne4+ 56. Kg6 Nd6 57. g8=Q# 1-0

[Event "Titled Tue 12th Mar Early"]
[Site "chess.com INT"]
[Date "2024.03.12"]
[Round "10"]
[White "Sychev, K.."]
[Black "Osmak, Yuliia"]
[Result "1-0"]
[WhiteElo "2542"]
[BlackElo "2452"]
[PlyCount "59"]
[EventDate "2024.03.12"]

1. e4 c5 2. Nc3 Nc6 3. Bb5 g6 4. Bxc6 dxc6 5. f4 Bg7 6. Nf3 Nf6 7. d3 Bg4 8. O-O O-O 9. e5 $146 ({RR} 9. Qe1 c4 10. e5 Nd5 11. dxc4 Nxc3 12. Qxc3 f6 13. exf6 exf6 14. Be3 Qc7 15. Rae1 c5 16. Qd2 b6 17. Qf2 Rae8 18. Bd2 Bf5 19. Rxe8 Rxe8 20. Re1 Qd7 21. Bc3 Rxe1+ 22. Nxe1 Qd1 23. Qd2 Qxd2 {Nikolovski,N (2409)-Seo,J (2469) Struga 2021 ½-½ (48)}) ({RR} 9. h3 Bxf3 10. Qxf3 c4 11. e5 Ne8 12. dxc4 Qd4+ 13. Be3 Qxc4 14. Rad1 Qe6 15. Qg4 f5 16. Qe2 Nc7 17. Rd2 g5 18. g3 gxf4 19. gxf4 Kh8 20. Kh2 Rg8 21. Qh5 Nd5 22. Nxd5 cxd5 23. Rg2 Rac8 {Asadli,V (2574)-Zierk,S (2488) Chess.com INT 2021 1-0 (33)}) ({RR} 9. Qe1 b5 10. Ne5 Bd7 11. Be3 Qb6 12. b4 Qc7 13. Bxc5 a5 14. a3 Be6 15. Qe3 Ng4 16. Nxg4 Bxc3 17. Nh6+ Kg7 18. Bd4+ Bxd4 19. Qxd4+ f6 20. f5 Kxh6 21. fxe6 Rad8 22. Qc5 Qd6 23. a4 axb4 {Khenkin,I (2499)-Bhatia,K (1965) chess.com INT 2025 1-0 (42)}) 9... Nd5 10. Ne4 b6 11. h3 Bxf3 12. Qxf3 Nc7 13. Kh1 Qd5 14. c4 Qd7 15. Qg3 Qf5 16. Qh4 Rad8 17. g4 Qd7 18. Rf3 f6 19. Bd2 fxe5 20. f5 gxf5 21. gxf5 Rxf5 22. Rg3 Ne6 23. Rag1 Rdf8 24. Bh6 R8f7 25. Bxg7 Rxg7 26. Rxg7+ Nxg7 27. Qg4 e6 28. Qxf5 exf5 29. Nf6+ Kf7 30. Nxd7 1-0

[Event "Alghero op 1st"]
[Site "Alghero"]
[Date "2011.08.31"]
[Round "6"]
[White "Vocaturo, Daniele"]
[Black "Rombaldoni, Denis"]
[Result "1-0"]
[WhiteElo "2537"]
[BlackElo "2495"]
[PlyCount "87"]
[EventDate "2011.08.26"]
[EventType "swiss"]
[EventRounds "9"]
[EventCountry "ITA"]
[SourceTitle "CBM 144 Extra"]
[Source "ChessBase"]
[SourceDate "2011.10.28"]
[SourceVersion "1"]
[SourceVersionDate "2011.10.28"]
[SourceQuality "1"]

1. e4 c5 2. Nc3 e6 3. f4 d5 4. Nf3 dxe4 5. Nxe4 Nc6 6. Bb5 Bd7 7. Qe2 Nh6 8. b3 ({RR} 8. O-O a6 9. Bxc6 Bxc6 10. b3 Nf5 11. Bb2 Be7 12. Ne5 Rc8 13. d3 O-O 14. Rae1 Nd4 15. Qf2 Bh4 16. g3 Be7 17. c3 Nf5 18. Rd1 b6 19. g4 Nd6 20. Nxc6 Rxc6 21. Nd2 f5 22. Qg2 Qc8 {Yudasin,L (2605)-Ulybin,M (2560) Las Palmas 1993 ½-½ (74)}) 8... Nf5 9. Bb2 Be7 10. Ne5 Nfd4 $146 ({RR} 10... Rc8 11. Nxd7 Qxd7 12. O-O-O Nfd4 13. Bxd4 cxd4 14. h4 a6 15. Bxc6 Qxc6 16. Qd3 b5 17. g4 a5 18. Rde1 a4 19. f5 axb3 20. axb3 e5 21. f6 gxf6 22. Rhf1 Ra8 23. g5 f5 24. Nf6+ Bxf6 25. gxf6 {Mayank,C (2028)-Giang,T (1972) Budapest 2021 1-0 (33)}) ({RR} 10... Rc8 11. Nxd7 Qxd7 12. c3 a6 13. Bd3 O-O 14. Bc2 Rfd8 15. O-O b5 16. Rad1 Qb7 17. Ng3 Nxg3 18. hxg3 Bf6 19. g4 g6 20. Rf3 Nb8 21. Rdf1 Rc7 22. Bc1 Bg7 23. Qf2 Nd7 24. f5 Ne5 25. Rh3 {Mayank,C (2028)-Giang,T (1972) Budapest 2021 1-0 (42)}) 11. Bxc6 Bxc6 12. Nxc6 bxc6 13. Qd3 Qd5 14. O-O O-O 15. Rae1 Rfd8 16. c3 Nf5 17. Qa6 Qd3 18. Qxd3 Rxd3 19. Kf2 a5 20. Ke2 Rd5 21. Kd1 a4 22. Kc2 h5 23. g3 Rdd8 24. d3 Ra7 25. h3 Nh6 26. Rf3 Rb8 27. Nd2 g5 28. fxg5 Bxg5 29. Nc4 Be7 30. Ne5 Rb6 31. g4 hxg4 32. hxg4 Kg7 33. c4 f6 34. g5 axb3+ 35. axb3 Nf5 36. Ng4 Kf7 37. gxf6 Bd6 38. Rh3 Ra2 39. Nh6+ Nxh6 40. Rxh6 e5 41. Rg1 Bf8 42. Rh7+ Kxf6 43. Rf1+ Kg6 44. Rh2 1-0

[Event "Titled Tuesday intern op 30th Aug Early"]
[Site "Chess.com INT"]
[Date "2022.08.30"]
[Round "2"]
[White "Lenderman, Aleksandr"]
[Black "Rosen, Eric S"]
[Result "1-0"]
[WhiteElo "2535"]
[BlackElo "2360"]
[PlyCount "71"]
[EventDate "2022.08.30"]
[EventType "swiss (blitz)"]
[EventRounds "11"]
[EventCountry "USA"]
[SourceTitle "EXT 2023"]
[Source "ChessBase"]
[SourceDate "2022.10.05"]
[SourceVersion "1"]
[SourceVersionDate "2022.10.05"]
[SourceQuality "1"]

1. e4 c5 2. d4 cxd4 3. c3 dxc3 4. Nxc3 e6 5. Nf3 Nc6 6. Bc4 Qc7 7. O-O Nf6 8. Re1 ({RR} 8. Bg5 Be7 9. Rc1 O-O 10. Qd2 a6 11. Bb3 Qb8 12. Rfd1 Rd8 13. Qe2 d6 14. Na4 Qc7 15. Nc3 Qa5 16. h3 Bd7 17. Nd5 exd5 18. exd5 Re8 19. Bd2 Qd8 20. dxc6 bxc6 21. Qd3 a5 22. Ba4 Qb6 {Lugovskoy,M (2425)-Iljiushenok,I (2493) Moscow 2017 ½-½ (48)}) 8... Ng4 ({RR} 8... d6 9. Bg5 Be7 10. Rc1 a6 11. Nd5 Qd8 12. Qd2 h6 13. Nxe7 Qxe7 14. Bf4 e5 15. Be3 Be6 16. Bd3 O-O 17. Bxh6 gxh6 18. Qxh6 Ng4 19. Qh5 Kg7 20. Nh4 Rh8 21. Nf5+ Bxf5 22. Qxf5 Qh4 23. h3 {Dyulgerov,V (2181)-Nikulina,A (1875) chess.com INT 2025 1-0 (37)}) 9. Nb5 Qb8 10. h3 h5 $146 ({RR} 10... Nf6 11. e5 Ng8 12. Nfd4 a6 13. Nxc6 bxc6 14. Nd6+ Bxd6 15. exd6 Nf6 16. b3 O-O 17. Bb2 Nd5 18. Qg4 f6 19. Qg3 Bb7 20. Rad1 a5 21. Re4 e5 22. f4 exf4 23. Rxf4 Qxd6 24. Rdf1 Kh8 25. Bxd5 {Le,D (1220)-Kachibadze,G (1610) Berlin 2004 ½-½ (40)}) 11. e5 a6 12. Nd6+ Bxd6 13. exd6 Nf6 14. Bg5 b5 15. Bb3 Bb7 16. Rc1 Na5 17. Bxf6 gxf6 18. Qd4 Qd8 19. Rc7 Rg8 20. Nh4 Rg5 21. f4 Nxb3 22. axb3 Rd5 23. Qe4 f5 24. Nxf5 Qf6 25. Ne7 Rxd6 26. Qxb7 Rd8 27. Nd5 Qxb2 28. Nc3 Qxb3 29. Ne4 Rd3 30. Nc5 Qd5 31. Nxd3 Qxd3 32. Qe4 Qd2 33. Qe3 Qd6 34. Rc5 Ke7 35. Rxh5 Rg8 36. Qc5 1-0